Instant UML

Αποθηκεύτηκε σε:
Λεπτομέρειες βιβλιογραφικής εγγραφής
Κύριος συγγραφέας: Muller, Pierre-Alain
Μορφή: Βιβλίο
Γλώσσα:English
French
Δημοσίευση: Birmingham, UK : Wrox Press, c1997.
Θέματα:
Ετικέτες: Προσθήκη ετικέτας
Δεν υπάρχουν, Καταχωρήστε ετικέτα πρώτοι!

MARC

LEADER 00000cam a2200000 i 4500
001 1/103026
008 000301s1997 uk | ||| ||| ||eng||
020 |a 1861000871  
035 |l 10058312 
040 |a GR-MyUA  |b gre  |e AACR2 
041 1 |a eng  |h fre 
082 0 |a 005.117 
100 1 |a Muller, Pierre-Alain. 
245 1 0 |a Instant UML /   |c Pierre-Alain Muller.  
260 |a Birmingham, UK :   |b Wrox Press,   |c c1997.  
300 |a xix, 343 σ. :   |b εικ. ;   |c 24 εκ.  
500 |a Τίτλος πρωτοτύπου: Modelisation objet avec UML.  
504 |a Βιβλιογραφία: σ. [329]-331. Ευρετήριο.  
650 0 0 |a Object-oriented methods (Computer science) 
650 0 0 |a Computer software  |x Development. 
650 0 0 |a UML (Computer science) 
852 |a INST  |b SAMOS  |e 20000301  |h 005.117 MUL  |p 005300018134  |q 005300018134  |t BK  |y 0 
901 |a BIBL3-2000-2 
909 |a Σ  |b 074088 
922 |a 3ΕΛΗ  |b 200001  |c ΤΠΕΣ  |d ΠΑΠΑΣΩΤΗΡΙΟΥ 
950 |a 133-1999-07-20 
970 |z 2000/05/ELIDOC